书目信息 |
| 题名: |
中国邮政编码大全
|
|
| 作者: | ;邮电部邮政总局 主编 | |
| 分册: | 第一卷 党政机关卷 | |
| 出版信息: | 北京 人民邮电出版社 1989.5 |
|
| 页数: | 536页 | |
| 开本: | 26cm | |
| 丛书名: | ||
| 单 册: | ||
| 中图分类: | F614-62 | |
| 科图分类: | ||
| 主题词: | 编码-邮政--中国--手册 , 国家行政机关--邮政--编码--中国--手册 , 邮政-编码--中国--手册 | |
| 电子资源: | ||
| ISBN: | 7-115-04040-0 | |
| 000 | 00919nam0 2200253 45 | |
| 001 | 0189011256 | |
| 005 | 20061030150532.84 | |
| 010 | @a7-115-04040-0@dCNY16.00 | |
| 020 | @aCN@b89011256 | |
| 100 | @a19910105d1989 m y0chiy0120 ea | |
| 101 | 0 | @achi |
| 102 | @aCN@b110000 | |
| 105 | @ay g 000yy | |
| 200 | 10 | @a中国邮政编码大全@Azhong guo you zheng bian ma da quan@h第一卷@i党政机关卷@Idang zheng ji guan juan@h下@f邮电部邮政总局主编@Fyou dian bu you zheng zong ju zhu bian |
| 210 | @a北京@c人民邮电出版社@d1989.5 | |
| 215 | @a536页@d26cm | |
| 540 | 1 | @a中国 邮政编码 党政机关@Azhong guo you zheng bian ma dang zheng ji guan |
| 606 | @a编码-邮政@y中国@x手册 | |
| 606 | @a国家行政机关@x邮政@x编码@y中国@x手册 | |
| 606 | @a邮政-编码@y中国@x手册 | |
| 690 | @aF614-62@v3 | |
| 711 | 02 | @a邮电部邮政总局@Ayou dian bu you zheng zong ju@4主编 |
| 801 | 0 | @aCN@bTSSF@c20061030 |
| 905 | @a10447@dF614-62@e1:1(2) | |
| 中国邮政编码大全.第一卷.党政机关卷.下/邮电部邮政总局主编.-北京:人民邮电出版社,1989.5 |
| 536页;26cm |
| ISBN 7-115-04040-0:CNY16.00 |
| ● |
| 相关链接 |
|
|
|
|
正题名:中国邮政编码大全
索取号:F614-62/1:1(2)
 
预约/预借
| 序号 | 登录号 | 条形码 | 馆藏地/架位号 | 状态 | 备注 |
| 1 | 0228234 | 002058533 | 第一样本阅览室/ [索取号:F614-62/1:1(2)] | 在馆 |